000 00391nam a22001457a 4500
999 _c15679
_d15679
003 OSt
008 190527b ||||| |||| 00| 0 eng d
020 _a9788189729325
082 _a631.875
_bKES/MA
100 _aKeshav, Singh.
_94171
245 _aManagement of Industrial Effluents Through Vermicomposting
260 _aNew Delhi
_bGene - Tech Books
_c2014
300 _a163 p.
942 _cBK